Бухгалтерский учёт в Украине (c использованием национальных стандартов) (Запис № 313186)

МАРК-запис
000 -Лідер
fixed length control field 00842nam a22002657a 4500
003 - Ідентифікатор контрольного номера
control field UA-OsUOA
001 - Контрольний номер
control field 26852
007 - Фіксоване поле фізичного опису
fixed length control field ta
008 - Елементи даних фіксованої довжини – загальна інформація
fixed length control field 20040610b un ||||| |||| 00| 0 ukr d
090 ## - Локальний шифр розміщення
Класифікаційний індекс УДК 657(477)(075.8)
Авторський знак (НП) З-13
040 ## - Джерело каталогізації
Агенція оригінальної каталогізації UA-OsUOA
Мова каталогізації rus
Агенція, яка здійснювала перезапис UA-OsUOA
Агенція, яка здійснювала модифікацію UA-OsUOA
041 ## - Код мови
Код мови тексту/ звукової доріжки чи окремого заголовка (П) rus
080 ## - Індекс Універсальної десяткової класифікації
Індекс Універсальної десяткової класифікації (УДК) (НП) 657(477)(075.8)
020 ## - Міжнародний стандартний книжковий номер (ISBN)
Міжнародний стандартний книжковий номер (ISBN) (НП) 966-539-303-0
044 ## - Код країни видавця/ виробника
Код країни видавця/ виробника (П) RU
100 ## - Основне введення – ім’я особи
Ім’я особи (НП) Завгородний В.П.
245 ## - Відомості про назву
Назва (НП) Бухгалтерский учёт в Украине (c использованием национальных стандартов)
Решта назви (НП) Учебное пособие для студентов вузов
260 ## - Публікація, розповсюдження і т.п. (Вихідні дані)
Місце публікації, розповсюдження і т.п. (П) Киев
Ім’я/ наймення видавництва, розповсюджувача і т.п. (П) А.С.К.
Дата публікації, розповсюдження і т.п. (П) 2001
250 ## - Відомості про видання (редакцію)
-- 2-е изд., доп. и перераб.
300 ## - Фізичний опис
Обсяг 848 с.
Інші фізичні характеристики (НП) Ілюстрації
650 #7 - Додаткове предметне введення – тематичний термін
Джерело заголовка чи терміна UDC
942 ## - Додаткові елементи входу (Коха)
Тип елемента Koha Книги
955 ## - Код типу видання за змістом
Код типу видання за змістом (НП) інше
Фонди
Стан вилучень Стан втрат Джерело класифікації або схеми стелажів Стан уражень Не для кредиту Постійне місце розташування Поточне розміщення Дата придбання Інвентарний номер Усього замовленно Повний номер виклику Штрих-код Дата останнього перегляду Ціна ефективна від Тип елемента Koha Вартість, звичайна ціна покупки
    Universal Decimal Classification     АБ - Абонемент НБ АБ - Абонемент НБ 28/08/2006 57834   657(477)(075.8) З-13 57834 28/12/2021 10/06/2004 Книги  
    Universal Decimal Classification     ЧЗ - Читальна зала ЧЗ - Читальна зала 10/06/2004 69643   657(477)(075.8) З-13 69643 06/02/2022 10/06/2004 Книги 5.00
    Universal Decimal Classification     ЧЗ - Читальна зала ЧЗ - Читальна зала 10/06/2004 69644   657(477)(075.8) З-13 69644 08/02/2022 10/06/2004 Книги 5.00
    Universal Decimal Classification     ЧЗ - Читальна зала ЧЗ - Читальна зала 10/06/2004 69646   657(477)(075.8) З-13 69646 06/02/2022 10/06/2004 Книги 5.00
    Universal Decimal Classification     ЧЗ - Читальна зала ЧЗ - Читальна зала 10/06/2004 69648   657(477)(075.8) З-13 69648 06/02/2022 10/06/2004 Книги 5.00
    Universal Decimal Classification     ЧЗ - Читальна зала ЧЗ - Читальна зала 10/06/2004 69649   657(477)(075.8) З-13 69649 06/02/2022 10/06/2004 Книги 35.88
    Universal Decimal Classification     ЧЗ - Читальна зала ЧЗ - Читальна зала 10/06/2004 69650   657(477)(075.8) З-13 69650 06/02/2022 10/06/2004 Книги 35.88
    Universal Decimal Classification     ЧЗ - Читальна зала ЧЗ - Читальна зала 10/06/2004 69651   657(477)(075.8) З-13 69651 06/02/2022 10/06/2004 Книги 4.00
    Universal Decimal Classification     ЧЗ - Читальна зала ЧЗ - Читальна зала 10/06/2004 69652   657(477)(075.8) З-13 69652 07/02/2022 10/06/2004 Книги 3.00